|
|
|
|
| LEADER |
01327nam a2200361 4500 |
| 001 |
000023947 |
| 003 |
20400 |
| 005 |
20160524100509.0 |
| 008 |
160524s2012 engsd |
| 020 |
|
|
|a 9780077424305 (alk. paper)
|a 0077424301 (alk. paper)
|
| 041 |
0 |
|
|a eng
|
| 082 |
0 |
4 |
|a 808.0420711
|b RO-D
|
| 100 |
1 |
|
|a Roen, Duane H.
|
| 245 |
1 |
0 |
|a Handbook for the McGraw-Hill guide
|b writing for college, writing for life
|c Duane Roen, Gregory R. Glau, Barry M. Maid.
|
| 250 |
|
|
|a 3rd ed.
|
| 260 |
|
|
|a New York
|b McGraw-Hill
|c 2012
|
| 300 |
|
|
|a 108 p.
|c 24 cm.
|
| 520 |
|
|
|c Provided by publisher.
|
| 650 |
|
0 |
|a English language
|v Handbooks, manuals, etc.
|x Rhetoric
|x Study and teaching
|
| 650 |
|
0 |
|a Report writing
|v Handbooks, manuals, etc.
|x Study and teaching
|
| 653 |
|
|
|a English language
|
| 700 |
1 |
|
|a Glau, Gregory R.
|
| 700 |
1 |
|
|a Maid, Barry M.
|
| OWN |
|
|
|a LSP
|
| AVA |
|
|
|a UDN50
|b LSP
|d 808.0420711 RO-D
|e available
|t Error 5001 Not defined in file expand_doc_bib_avail.
|f 2
|g 0
|h N
|i 0
|k 1
|
| 999 |
|
|
|a From the UDN01
|
| AVA |
|
|
|a UDN50
|b LSP
|d 808.0420711 RO-D
|e available
|t Error 5001 Not defined in file expand_doc_bib_avail.
|f 2
|g 0
|h N
|i 0
|k 1
|
| TYP |
|
|
|a Monograph
|
| TYP |
|
|
|a Printed language
|
| 980 |
|
|
|a Mạng thư viện Đại học Đà Nẵng
|